00571nam a2200157 a 450000100100000000500170001000800410002704000250006824500910009326000450018430000210022970000320025004900090028295201050029199900170039600002713320200930030625.0110329s1977 dr 000 0 spa d aDO-SdBNPbspacBNPHU03aLa rentabilidad de la insdustria hotelera dominicana 1977 /ccoordinador Juan Lladó. aSanto Domingo :b[Banco Central,c1977]. a398 p. ;c28 cm.1 aLladó, Juanecoor.937138 aBNPD 0010718PDaPDbPDcCTd2011-03-29iLF1l0o p27133-10r2020-06-25w2020-06-25yLFPDZNo se presta c26625d26625